English social and cultural history : (Record no. 8834)

MARC details
000 -LEADER
fixed length control field 00541cam a2200193ua 4500
001 - CONTROL NUMBER
control field 9832
005 - DATE AND TIME OF LATEST TRANSACTION
control field 20260515114529.0
008 - FIXED-LENGTH DATA ELEMENTS--GENERAL INFORMATION
fixed length control field 161013n ii |||gr||||Z||||||eng
020 ## - INTERNATIONAL STANDARD BOOK NUMBER
International Standard Book Number 9788120328495
040 ## - CATALOGING SOURCE
Transcribing agency MAIN
041 ## - LANGUAGE CODE
Language code of text/sound track or separate title eng
082 ## - DEWEY DECIMAL CLASSIFICATION NUMBER
Classification number 820
100 ## - MAIN ENTRY--PERSONAL NAME
Personal name Chaudhury, Bibhash,
Relator term Author.
245 ## - TITLE STATEMENT
Title English social and cultural history :
Remainder of title an introductory guide and glossary /
Statement of responsibility, etc. By Bibhash Chaudhury .
260 ## - PUBLICATION, DISTRIBUTION, ETC.
Place of publication, distribution, etc. Delhi:
Name of publisher, distributor, etc. PHI learning,
Date of publication, distribution, etc. 2016.
300 ## - PHYSICAL DESCRIPTION
Extent 385p.
653 ## - INDEX TERM--UNCONTROLLED
Uncontrolled term English & Old English literatures
942 ## - ADDED ENTRY ELEMENTS (KOHA)
Koha item type Books
Holdings
Withdrawn status Lost status Damaged status Not for loan Home library Current library Shelving location Date acquired Total checkouts Full call number Barcode Date last seen Copy number Price effective from Koha item type Date last checked out
        Naharkatiya College Library Naharkatiya College Library General stacks 09/19/2020   820English literature | CHA 23342 09/19/2020 1 09/19/2020 Books  
        Naharkatiya College Library Naharkatiya College Library General stacks 09/19/2020   820English literature | CHA 23343 09/19/2020 2 09/19/2020 Books  
        Naharkatiya College Library Naharkatiya College Library General stacks 09/19/2020   820English literature | CHA 23585 04/11/2022 3 09/19/2020 Books  
        Naharkatiya College Library Naharkatiya College Library General stacks 09/19/2020 2 820English literature | CHA 23586 04/01/2025 4 09/19/2020 Books 03/24/2025